| 000 | 01004nam0a22002411 4500 | ||
|---|---|---|---|
| 001 | v19\rc\2091591 | ||
| 005 | 20250620035915.0 | ||
| 035 | _a(NLR Aleph) 005161642 | ||
| 090 |
_a4991797 _c4991797 |
||
| 100 | _a20081218d1914 |||y0rusy50 ca | ||
| 101 | 0 | _arus | |
| 102 | _aRU | ||
| 105 | _ay z ||||| | ||
| 200 | 1 |
_aО влиянии радиальной трещины на сопротивление сплошного и трубчатого вала _e(Доклад Второму Всерос. съезду деятелей по горному делу, металлургии и машиностроению) _fПроф. А.Н. Динник |
|
| 210 |
_a[Санкт-Петербург] _cтип. Шредера _d1914 |
||
| 215 |
_a3 с. _d26 |
||
| 309 | _aБез тит. л. и обл. | ||
| 700 | 1 |
_aДинник _bА.Н. _f1876-1950 _gАлександр Николаевич |
|
| 801 | 0 |
_aRU _bNLR _gpsbo |
|
| 801 | 1 |
_aRU _bProSoft-M _2rusmarc |
|
| 852 |
_aNLR _j37.55.5.194 |
||
| 942 | _cBOOK | ||
| 980 | _aNB | ||